Gloria's big problem / words by Sarah Stiles ... Read More
Available copies
- 2 of 2 copies available at LARL/NWRL Consortium.
- 2 of 2 copies available at Lake Agassiz Regional Library. (Show preferred library)
Current holds
0 current holds with 2 total copies.
Show Only Available Copies
| Location | Call Number / Copy Notes | Barcode | Shelving Location | Status | Due Date |
|---|---|---|---|---|---|
| Breckenridge Public Library | E B (Text) | 33500013208715 | Main | Available | - |
| Moorhead Public Library | E B (Text) | 33500013208723 | Main | Available | - |
Record details
- ISBN: 9780884487395
- ISBN: 0884487393
- Physical Description: 1 volume (unpaged) : color illustrations ; 27 cm
- Publisher: Thomaston, Maine : Tilbury House Publishers, [2020]
Content descriptions
| Summary, etc.: | Gloria loves to sing and play with her friends, ... Read More |
Search for related items by subject
| Subject: | Anxiety > Juvenile fiction. Anxiety in children > Juvenile fiction. Self-confidence > Juvenile fiction. |
| Genre: | Picture books. |
| LDR | 01327cam a2200349Ii 4500 | ||
|---|---|---|---|
| 001 | 339235 | ||
| 003 | LARL_NWRL_CONSORTIUM | ||
| 005 | 20200122133645.0 | ||
| 008 | 190614s2020 meua 000 1 eng d | ||
| 040 | . | ‡aYDX ‡beng ‡erda ‡cYDX ‡dBDX ‡dUAP ‡dPLS | |
| 020 | . | ‡a9780884487395 ‡q(hardcover) | |
| 020 | . | ‡a0884487393 ‡q(hardcover) | |
| 035 | . | ‡a(OCoLC)1104409093 | |
| 082 | 1 | 4. | ‡a[E] |
| 100 | 1 | . | ‡aBright, Sarah Stiles, ‡d1958- ‡eauthor. |
| 245 | 1 | 0. | ‡aGloria's big problem / ‡cwords by Sarah Stiles Bright ; pictures by Mike Deas. |
| 264 | 1. | ‡aThomaston, Maine : ‡bTilbury House Publishers, ‡c[2020] | |
| 300 | . | ‡a1 volume (unpaged) : ‡bcolor illustrations ; ‡c27 cm | |
| 336 | . | ‡atext ‡btxt ‡2rdacontent | |
| 336 | . | ‡astill image ‡bsti ‡2rdacontent | |
| 337 | . | ‡aunmediated ‡bn ‡2rdamedia | |
| 338 | . | ‡avolume ‡bnc ‡2rdacarrier | |
| 520 | . | ‡aGloria loves to sing and play with her friends, but her Big Problem follows her around and tells her that she can't. | |
| 650 | 0. | ‡aAnxiety ‡vJuvenile fiction. | |
| 650 | 0. | ‡aAnxiety in children ‡vJuvenile fiction. | |
| 650 | 0. | ‡aSelf-confidence ‡vJuvenile fiction. ‡0(LARL_NWRL_CONSORTIUM)174910 | |
| 655 | 7. | ‡aPicture books. ‡2lcgft | |
| 700 | 1 | . | ‡aDeas, Mike, ‡d1982- ‡eillustrator. |
| 905 | . | ‡uvanderl | |
| 901 | . | ‡a339235 ‡b ‡c339235 ‡tbiblio ‡soclc | |

Add to basket
Permalink
Disable Highlighting